Euroopan valtioiden ensimmäiset kirjaimet lippujen mukaan - 3 elämää - Statistics

Yleistilastot
  • Tätä visaa on pelattu 1 110 kertaa
  • Keskiarvotulos 24 / 45
Vastaustilastot
Kuvavisa Vastaus % Oikein
Suomi
58%
Irlanti
57%
Norja
57%
Saksa
57%
Tanska
57%
Ruotsi
56%
Viro
56%
Yhdistynyt kuningaskunta
56%
Albania
55%
Espanja
55%
Kreikka
55%
Ukraina
55%
Venäjä
55%
Belgia
54%
Islanti
54%
Italia
54%
Portugali
54%
Sveitsi
54%
Alankomaat
53%
Kosovo
53%
Latvia
53%
Pohjois-Makedonia
53%
Ranska
53%
Romania
53%
Slovenia
53%
Tšekki
53%
Vatikaanivaltio
53%
Bosnia ja Hertsegovina
52%
Liettua
52%
Slovakia
52%
Itävalta
51%
Malta
51%
Puola
51%
Valko-Venäjä
51%
Bulgaria
50%
Kroatia
50%
San Marino
50%
Serbia
50%
Unkari
49%
Liechtenstein
48%
Luxemburg
48%
Monaco
48%
Montenegro
48%
Andorra
45%
Moldova
45%
Ehtoja vastaavia visoja ei löytynyt
Tulosjakauma
Jokaisen tuloksen saaneiden osuus
Persentiili vastausten määrän mukaan
Tuloshistoriasi
Et ole pelannut tätä visaa